000 00602nam a2200205 a 4500
001 BRL_619
005 20190320210826.0
008 110913s1935----au-a######---#000-1#ger-#
041 _ager
044 _aau
050 4 _aPN1009
_b.W53 1935
100 1 _aWickerhauser, Gertrud
_924447
245 1 0 _aNuni unter den Riesen
_bRoman eines kleinen kindes
_cGertrud Wickerhauser ; Mit Zeichngn von Martha von Wagner
260 _aWien
_bZinnen-verlag
_c1935
300 _a204 p.
_bil.
_c20 cm.
500 _aAu670
650 1 4 _aLietratura infantil
_xNovela
_zAlemania
_924448
902 _aGRL
942 _2lcc
_cB
999 _c9431
_d9431